Moja domácnosť, môj vlastný obchod inkubátor Vašej finančnej gramotnosti : cesta k finančnej nezávislosti pri vytváraní vlastného trvalého príjmu

Bibliographic Details
Main Author: Cesnek, Peter (Author)
Format: Book
Language:Slovak
PhysicalDescription:110 s. ilustr., tab. 21 cm
Published: [Turčianske Teplice] Peter Cesnek 2004
ISBN:8096919733
Edition:1. vyd.
Subjects:

MARC

LEADER 00000cam a22000005a 4500
001 vtls010325765
003 SK-MaSNL
005 20260302045503.0
008 240314s2004 xo la g f 000 0 slo
020 |a 8096919733  |q (brož.) 
035 |a 739CD1EF-94D9-45F9-8E43-9DF1DF1BC642 
035 |a urn:nbn:sk:snk-amjj4g 
035 |a urn:nbn:sk:snk-am001ze2 
040 |a SNK  |b slo  |c SNK  |e AACR2 
041 0 |a slo 
044 |a xo  |c SK 
072 7 |a 336.7  |x Financie  |2 konspekt 
080 |a 37.03:336  |2 2001 
080 |a 336  |2 2001 
080 |a 336.7  |2 2001 
080 |a 330.567.22  |2 2001 
080 |a 330.564.2  |2 2001 
080 |a (035)  |2 2001 
100 1 |a Cesnek, Peter  |4 aut  |9 634524 
245 1 0 |a Moja domácnosť, môj vlastný obchod  |b inkubátor Vašej finančnej gramotnosti : cesta k finančnej nezávislosti pri vytváraní vlastného trvalého príjmu  |c Peter Cesnek 
250 |a 1. vyd. 
260 |a [Turčianske Teplice]  |b Peter Cesnek  |c 2004 
300 |a 110 s.  |b ilustr., tab.  |c 21 cm 
500 |a Hrebeňová väzba 
500 |a Názov z obalu 
500 |a Vydané pre Euroinkubátor OZ KMM 
500 |a Miesto vyd. podľa ISBN 
650 0 7 |a finančná gramotnosť  |2 SNKPH  |9 71731 
650 0 7 |a Financial literacy  |2 SNKPHeng  |9 286429 
650 0 7 |a financie  |2 SNKPH  |9 2205 
650 0 7 |a osobné financie  |2 SNKPH  |9 3803 
650 0 7 |a Finance  |2 SNKPH  |9 265496 
650 0 7 |a Personal finance  |2 SNKPHeng  |9 324817 
650 0 7 |a individuálna spotreba  |2 SNKPH  |9 67657 
650 0 7 |a Consumption (economics)  |2 SNKPHeng  |9 275478 
650 0 7 |a príjmy  |2 SNKPH  |9 2317 
650 0 7 |a Income  |2 SNKPHeng  |9 325234 
655 7 |a príručky  |2 SNKPH  |9 74364 
655 7 |a Handbooks, manuals, etc.  |2 SNKPHeng  |9 90964 
919 |a 80-969197-3-3 
958 |a OND 
999 |c 1093721  |d 1095651 
952 |a SNK  |b SNK  |y PREZ  |7 0  |p 17A0773518  |o snkSC 147286  |i snk2011/23219  |8 1  |0 0  |1 0  |4 0  |d 2011-11-23  |l 0  |r 2025-07-16 00:00:00  |w 2026-02-24 
952 |a SNK  |b SNK  |y VYP  |7 0  |p 17A0773517  |o snkSC 147286 D1  |i snk2011/23220  |8 1  |0 0  |1 0  |4 0  |d 2011-11-23  |f 1  |l 0  |r 2026-02-24 17:05:23  |w 2026-02-24